000 nam a22 7a 4500
999 _c7872
_d7872
008 171107b xxu||||| |||| 00| 0 eng d
100 _aSingh.M.
_91807
245 _aMathematics
260 _aNew delhi
_bEvergreen
_c2009